[Event "Ano Liosia Open"]
[Site "Ano Liosia GRE"]
[Date "1995.??.??"]
[Round "5"]
[White "Pavlovic, Milos"]
[Black "Ibragimov, Ildar"]
[Result "1-0"]
[WhiteElo "2505"]
[BlackElo "2520"]
[PlyCount "111"]
[EventDate "1995.??.??"]
[Source "www.chesslib.no"]
[SourceDate "2004.05.04"]

1. c4 f5 2. g3 Nf6 3. Bg2 d6 4. Nc3 g6 5. e3 Bg7 6. Nge2 O-O 7. O-O c6 8. b3 e5 9. Ba3 Re8 10. Rc1 a5 11. d3 Na6 12. Qd2 Be6 13. d4 Bf7 14. d5 c5 15. e4 f4 16. gxf4 Bh6 17. Qd3 exf4 18. Qh3 Kg7 19. Bb2 Nd7 20. Nd1+ Ne5 21. Ne3 Bg5 22. Ng4 h5 23. Nxe5 dxe5 24. Rce1 Qd6 25. Qc3 Nc7 26. h4 Bh6 27. Nc1 Re7 28. Nd3 Rae8 29. Qxa5 b6 30. Qa4 g5 31. hxg5 Bxg5 32. Rd1 Bf6 33. Qc6 Qxc6 34. dxc6 Rd8 35. a4 Be8 36. a5 bxa5 37. Nxc5 Rb8 38. Rd6 a4 39. Nd7 Rxb3 40. Nxf6 Rxb2 41. Ra1 Rb4 42. Nd5 Nxd5 43. cxd5 Ra7 44. Rd8 Kf7 45. Bh3 Rd4 46. Rb8 Rc4 47. Rb6 Rc7 48. Ra6 Rxe4 49. Rb1 Ke7 50. Rb7 Kd6 51. Rxc7 Kxc7 52. Ra7+ Kd6 53. c7 Bd7 54. Bxd7 Kxd7 55. d6 Rc4 56. Ra8 1-0

[Event "SWE-chT 9900"]
[Site "?"]
[Date "2000.??.??"]
[Round "11"]
[White "Agrest Evgenij"]
[Black "Karlsson Lars"]
[Result "1-0"]
[WhiteElo "2554"]
[BlackElo "2470"]
[PlyCount "74"]
[EventDate "2000.??.??"]
[Source "www.chesslib.no"]
[SourceDate "2004.05.04"]

1. c4 f5 2. g3 Nf6 3. Bg2 e5 4. d4 e4 5. Nh3 c6 6. O-O Be7 7. d5 cxd5 8. cxd5 Bc5 9. Nc3 d6 10. b4 Bb6 11. Bb2 Nbd7 12. Kh1 Ne5 13. Qb3 h5 14. Na4 h4 15. Nxb6 axb6 16. Kg1 b5 17. Rfd1 Nc4 18. a3 hxg3 19. hxg3 Nxb2 20. Qxb2 Qb6 21. Qd4 Qxd4 22. Rxd4 Bd7 23. f3 exf3 24. exf3 O-O 25. Rd3 Rfc8 26. Re1 Rc2 27. Ng5 Re8 28. Rxe8+ Bxe8 29. Ne6 Bd7 30. Bh3 g6 31. g4 fxg4 32. fxg4 Ne4 33. Bg2 Rc1+ 34. Kh2 Nf6 35. Rf3 Nxg4+ 36. Kg3 Nh6 37. Bh3 Re1 1-0

[Event "Tatran Cup"]
[Site "Stary Smokovec"]
[Date "1990.??.??"]
[Round "1"]
[White "Razuvaev, Yuri S"]
[Black "Salai, Ladislav"]
[Result "1-0"]
[WhiteElo "2570"]
[BlackElo "2450"]
[PlyCount "65"]
[EventDate "1990.??.??"]
[Source "ChessBase"]

1. c4 f5 2. Nc3 Nf6 3. Nf3 g6 4. d3 Bg7 5. e4 d6 6. exf5 Bxf5 7. d4 O-O 8. Be2 Nc6 9. Be3 Ng4 10. Bg5 h6 11. Bh4 g5 12. Bg3 e5 13. d5 Nd4 14. Nxd4 exd4 15. Nb5 c6 16. Nxd6 Nxf2 17. Bxf2 Qxd6 18. O-O c5 19. Bg3 Be5 20. Bd3 Bxg3 21. hxg3 Qe5 22. Qd2 Bd7 23. Kh2 Rxf1 24. Rxf1 b6 25. Qf2 Qg7 26. Bf5 Re8 27. Bxd7 Qxd7 28. Qf6 Qg7 29. Qc6 Re7 30. d6 Rd7 31. Qd5+ Kh8 32. Qe6 Kh7 33. Rf6 1-0

[Event "Kecskemet GM"]
[Site "Kecskemet"]
[Date "1991.??.??"]
[Round "4"]
[White "Arkhipov, Sergey"]
[Black "Malaniuk, Vladimir P"]
[Result "1/2-1/2"]
[WhiteElo "2500"]
[BlackElo "2500"]
[PlyCount "66"]
[EventDate "1991.12.??"]
[Source "www.chesslib.no"]
[SourceDate "2004.05.04"]

1. c4 f5 2. Nc3 Nf6 3. g3 d6 4. Bg2 e5 5. e3 Be7 6. Nge2 c6 7. d3 Na6 8. O-O O-O 9. b3 Re8 10. Bb2 Bf8 11. a3 Be6 12. Qd2 Bf7 13. Rae1 Nc5 14. b4 Ncd7 15. f4 e4 16. Na4 a5 17. b5 cxb5 18. cxb5 Bb3 19. Nac3 Nc5 20. Nc1 Bf7 21. dxe4 fxe4 22. Qd4 Rc8 23. Rf2 b6 24. Qd1 Qd7 25. Rd2 d5 26. h3 h5 27. Bf1 Qf5 28. N3e2 Qg6 29. Kh2 Nb7 30. Nd4 Nd6 31. Na2 Nc4 32. Bxc4 Rxc4 33. Nc3 Bxa3 1/2-1/2

[Event "Altensteig"]
[Site "Altensteig"]
[Date "1990.??.??"]
[Round "1"]
[White "Smejkal, Jan"]
[Black "Schlosser, Philipp"]
[Result "0-1"]
[WhiteElo "2545"]
[BlackElo "2455"]
[PlyCount "74"]
[EventDate "1990.07.??"]
[Source "ChessBase"]

1. c4 f5 2. g3 Nf6 3. Bg2 g6 4. Nc3 Bg7 5. d3 d6 6. e4 Nc6 7. Nge2 O-O 8. O-O Kh8 9. h3 e5 10. Be3 Be6 11. Nd5 Qd7 12. Kh2 Rae8 13. Qd2 a6 14. Rac1 Bg8 15. Bg5 Nh5 16. exf5 gxf5 17. f4 Nf6 18. Nxf6 Bxf6 19. Bxf6+ Rxf6 20. d4 e4 21. d5 Nb8 22. Qc3 Qg7 23. g4 fxg4 24. hxg4 Nd7 25. g5 Rff8 26. Qxg7+ Kxg7 27. Ng3 e3 28. Rce1 b5 29. b3 bxc4 30. bxc4 h6 31. Bh3 Nb6 32. gxh6+ Kh7 33. Bg2 Kxh6 34. Be4 Nxc4 35. Kg1 Nd2 36. Nf5+ Rxf5 37. Bxf5 Bxd5 0-1

[Event "Hastings Masters"]
[Site "Hastings"]
[Date "1995.??.??"]
[Round "2"]
[White "Poldauf, Dirk"]
[Black "Malaniuk, Vladimir P"]
[Result "0-1"]
[WhiteElo "2415"]
[BlackElo "2580"]
[PlyCount "154"]
[EventDate "1995.08.??"]
[Source "ChessBase"]

1. c4 f5 2. g3 Nf6 3. Bg2 d6 4. Nc3 g6 5. e3 Bg7 6. Nge2 c6 7. O-O O-O 8. b4 e5 9. Bb2 Be6 10. d3 Bf7 11. b5 d5 12. bxc6 Nxc6 13. Qa4 dxc4 14. dxc4 e4 15. Ba3 Re8 16. Rab1 Qa5 17. Rxb7 Qxa4 18. Nxa4 Na5 19. Rc7 Bxc4 20. Nac3 Rec8 21. Rxc8+ Rxc8 22. Rc1 Bf7 23. Nb5 Nc4 24. Nd6 Nxd6 25. Bxd6 Rd8 26. Bb4 Bxa2 27. Ra1 Bc4 28. Nd4 a6 29. Bf1 Bxf1 30. Kxf1 Ng4 31. h3 Nxf2 32. Rxa6 Nd3 33. Bc3 Rc8 34. Ba1 Be5 35. g4 f4 36. exf4 Nxf4 37. Nc6 Rxc6 38. Rxc6 Bxa1 39. Rc4 Nxh3 40. Rxe4 Bf6 41. Kg2 Ng5 42. Ra4 Kf7 43. Ra7+ Be7 44. Kg3 Ne6 45. Ra2 Kf6 46. Ra5 Bc5 47. Ra6 Ke5 48. Ra8 Bd6 49. Ra6 Ng5 50. Ra4 Kf6+ 51. Kg2 Nf7 52. Ra5 h6 53. Kh3 Be5 54. Ra7 Bf4 55. Ra6+ Kg5 56. Ra7 Ne5 57. Ra5 h5 58. gxh5 Kxh5 59. Ra8 g5 60. Rh8+ Kg6 61. Rg8+ Kf5 62. Rf8+ Ke4 63. Kg2 Ng6 64. Ra8 Kf5 65. Rg8 Be5 66. Kh3 g4+ 67. Kg2 Nh4+ 68. Kf2 Kf4 69. Rf8+ Nf5 70. Kg2 Bd6 71. Rf7 Kg5 72. Rd7 Nd4 73. Kg1 Be5 74. Rd8 g3 75. Rg8+ Kf4 76. Kf1 Kf3 77. Rf8+ Bf4 0-1

[Event "Perenyi mem-B"]
[Site "Budapest HUN"]
[Date "1989.??.??"]
[Round "?"]
[White "Schneider, Bernd"]
[Black "Malaniuk, Vladimir P"]
[Result "1/2-1/2"]
[WhiteElo "2470"]
[BlackElo "2520"]
[PlyCount "43"]
[EventDate "1989.??.??"]
[Source "www.chesslib.no"]
[SourceDate "2004.05.04"]

1. c4 f5 2. Nc3 Nf6 3. Nf3 d6 4. g3 g6 5. Bg2 Bg7 6. O-O O-O 7. Rb1 a5 8. a3 Nh5 9. b4 axb4 10. axb4 e5 11. Bb2 e4 12. Ne1 Nc6 13. d3 exd3 14. Nxd3 Be6 15. Nd5 Bxb2 16. Rxb2 Ne5 17. Nxe5 dxe5 18. Rd2 c6 19. Nf4 Nxf4 20. Rxd8 Rfxd8 21. Qc2 Nxg2 22. Kxg2 1/2-1/2

[Event "Dortmund op-A"]
[Site "Dortmund GER"]
[Date "1993.??.??"]
[Round "8"]
[White "Mandl, Robert"]
[Black "Malaniuk, Vladimir P"]
[Result "1/2-1/2"]
[WhiteElo "2390"]
[BlackElo "2600"]
[PlyCount "43"]
[EventDate "1993.04.??"]
[Source "www.chesslib.no"]
[SourceDate "2004.05.04"]

1. c4 f5 2. Nf3 Nf6 3. g3 d6 4. Nc3 g6 5. Bg2 Bg7 6. d3 O-O 7. O-O Nc6 8. Rb1 Nh5 9. Bd2 f4 10. Nd5 e5 11. b4 Be6 12. b5 Nb8 13. Ng5 Bc8 14. Ne4 Nd7 15. Bb4 Kh8 16. c5 dxc5 17. Nxc5 Nxc5 18. Bxc5 Rf7 19. Nc3 Nf6 20. Qc2 Nd7 21. Bb4 Nf8 22. Ne4 1/2-1/2

[Event "BEL-ch"]
[Site "Westerlo"]
[Date "2004.07.11"]
[Round "9"]
[White "Cekro, Ekrem"]
[Black "Dgebuadze, Alexandre"]
[Result "0-1"]
[WhiteElo "2434"]
[BlackElo "2552"]
[PlyCount "58"]
[EventDate "2004.07.03"]
[Source "Roberto Alvarez"]
[SourceDate "2003.08.04"]

1. c4 f5 2. Nc3 Nf6 3. g3 g6 4. Bg2 d6 5. b4 Bg7 6. Rb1 O-O 7. e3 e5 8. Nge2 h6 9. d3 Nc6 10. O-O g5 11. f4 Ne7 12. e4 gxf4 13. gxf4 Kh8 14. fxe5 dxe5 15. Nd5 Nfxd5 16. exd5 Ng6 17. Ng3 Nh4 18. Qh5 f4 19. Ne4 Bf5 20. Bb2 Bg6 21. Qe2 b6 22. Kh1 a5 23. b5 Qe7 24. Bh3 f3 25. Qe3 Rf4 26. Rf2 Raf8 27. Rg1 Kh7 28. Be6 Ng2 29. Qc1 Qh4 0-1

[Event "Ostend Open"]
[Site "Ostend"]
[Date "1993.??.??"]
[Round "8"]
[White "Mednis, Edmar J"]
[Black "Glek, Igor V"]
[Result "0-1"]
[WhiteElo "2440"]
[BlackElo "2545"]
[PlyCount "82"]
[EventDate "1993.09.??"]
[Source "www.chesslib.no"]
[SourceDate "2004.05.04"]

1. c4 f5 2. g3 Nf6 3. Bg2 d6 4. Nc3 e5 5. e3 Be7 6. Nge2 c6 7. d4 O-O 8. O-O Na6 9. Rb1 Be6 10. d5 Bd7 11. b4 c5 12. b5 Nc7 13. e4 fxe4 14. Qc2 Nce8 15. Bd2 Qc8 16. Rb3 Bg4 17. Bc1 Rf7 18. Nxe4 Nxe4 19. Bxe4 Nf6 20. Bg2 Bf5 21. Qd1 Qd7 22. Nc3 Raf8 23. Qe2 h6 24. Ra3 b6 25. Ne4 Nxe4 26. Bxe4 Bg5 27. Bb2 Bxe4 28. Qxe4 Qh3 29. f3 h5 30. Rf2 h4 31. Rg2 hxg3 32. hxg3 Rf6 33. Rh2 Qxg3+ 34. Rg2 Qf4 35. Qxf4 Bxf4 36. Rxa7 Be3+ 37. Kf1 g5 38. Rb7 Ra8 39. Bc3 Ra3 40. Bd2 Rxf3+ 41. Ke2 Bxd2 0-1

[Event "Makarska"]
[Site "?"]
[Date "1995.??.??"]
[Round "4"]
[White "Dizdarevic Emir"]
[Black "Kovacevic Vlatko"]
[Result "1-0"]
[WhiteElo "2465"]
[BlackElo "2520"]
[PlyCount "115"]
[EventDate "1995.??.??"]
[Source "www.chesslib.no"]
[SourceDate "2004.05.04"]

1. c4 f5 2. Nc3 Nf6 3. d3 e5 4. g3 g6 5. Bg2 Bg7 6. e4 fxe4 7. dxe4 d6 8. Nge2 O-O 9. O-O Be6 10. b3 Qd7 11. Nd5 Nc6 12. Bg5 Rf7 13. Qd2 Raf8 14. Rad1 Qc8 15. f3 Kh8 16. Be3 a6 17. Rc1 Ne7 18. a4 Qd7 19. a5 Nc8 20. Nec3 c6 21. Nxf6 Bxf6 22. Na4 Bh3 23. Rcd1 Bd8 24. c5 Bxg2 25. Kxg2 Rf6 26. Qc3 Kg8 27. cxd6 Rxd6 28. Rxd6 Nxd6 29. Qxe5 Nb5 30. Nc5 Qf7 31. b4 Re8 32. Qb2 Bf6 33. Qb3 Qxb3 34. Nxb3 Bc3 35. Bc5 Rd8 36. Kf2 h5 37. Ke2 Bb2 38. Ke3 Kf7 39. h3 h4 40. g4 g5 41. f4 gxf4+ 42. Rxf4+ Kg6 43. g5 Rd7 44. Rxh4 Kxg5 45. Rf4 Na3 46. Rf5+ Kh4 47. e5 Nc4+ 48. Ke4 Bxe5 49. Rxe5 Nxe5 50. Kxe5 Kxh3 51. Bb6 Kg4 52. Nc5 Rh7 53. Kd6 Kf5 54. Bc7 Rh4 55. Nxb7 Rxb4 56. Nc5 Rd4+ 57. Kxc6 Rc4 58. Kd5 1-0

[Event "Lippstadt Turm op"]
[Site "?"]
[Date "1999.??.??"]
[Round "5"]
[White "Miezis Normunds"]
[Black "Krizsany Laszlo"]
[Result "1/2-1/2"]
[WhiteElo "2525"]
[BlackElo "2460"]
[PlyCount "60"]
[EventDate "1999.??.??"]
[Source "www.chesslib.no"]
[SourceDate "2004.05.04"]

1. c4 f5 2. Nc3 Nf6 3. g3 g6 4. Bg2 Bg7 5. d3 O-O 6. e4 fxe4 7. dxe4 e5 8. Nge2 d6 9. h3 Be6 10. b3 Qd7 11. Be3 Nc6 12. Qd2 a5 13. Nd5 Rab8 14. Rc1 b6 15. f3 Rf7 16. h4 Rbf8 17. Nxf6+ Rxf6 18. Bg5 Rxf3 19. Bxf3 Rxf3 20. Rc3 Qf7 21. Rg1 Nd4 22. Nxd4 exd4 23. Rd3 Bg4 24. Bf4 Qe6 25. Rxf3 Bxf3 26. Kf2 Bxe4 27. Re1 c6 28. Kg1 d5 29. cxd5 cxd5 30. Kh2 h5 1/2-1/2

[Event "otb"]
[Site "otb"]
[Date "2007.04.21"]
[Round "4"]
[White "Felgaer Ruben"]
[Black "Claverie Raul"]
[Result "1-0"]
[WhiteElo "2574"]
[BlackElo "2409"]
[PlyCount "111"]
[Source "www.chesslib.no"]
[SourceDate "2004.05.04"]

1. c4 f5 2. b3 d6 3. Bb2 e5 4. d4 exd4 5. Qxd4 Nc6 6. Qd2 Nf6 7. Nc3 Be7 8. g3 O-O 9. Bg2 Ne5 10. f4 Ned7 11. Nh3 Nc5 12. b4 Nce4 13. Nxe4 Nxe4 14. Bxe4 fxe4 15. Nf2 d5 16. O-O-O c6 17. Nxe4 dxe4 18. Qc3 Bf6 19. Rxd8 Bxc3 20. Rxf8+ Kxf8 21. Bxc3 Be6 22. Rd1 Re8 23. Rd4 e3 24. Re4 Kf7 25. Kd1 b5 26. Rxe3 Rd8+ 27. Ke1 Bxc4 28. a3 h5 29. Re5 Rd5 30. Re3 g6 31. Rf3 Rd7 32. Re3 a6 33. Bd2 Rd5 34. Rc3 Ke6 35. Re3+ Kf7 36. Bc3 Rd6 37. Be5 Rd5 38. h3 Rd7 39. g4 hxg4 40. hxg4 Be6 41. Rg3 Rd5 42. e4 Rd7 43. f5 Bc4 44. Rh3 gxf5 45. Rh7+ Ke8 46. Rxd7 Kxd7 47. exf5 Bd5 48. Kf2 Ke7 49. Kg3 Kf7 50. Kf4 Bb3 51. g5 Ke7 52. g6 Bc2 53. Kg5 Bb3 54. f6+ Kf8 55. Bd6+ Kg8 56. Kf4 1-0

[Event "Bad Wildbad (07.10.-13.10)"]
[Site "?"]
[Date "2000.10.09"]
[Round "4"]
[White "Miezis Normunds"]
[Black "Mainka Romuald"]
[Result "1-0"]
[WhiteElo "2518"]
[BlackElo "2463"]
[PlyCount "69"]
[EventDate "2000.??.??"]
[Source "www.chesslib.no"]
[SourceDate "2004.05.04"]

1. c4 f5 2. Nc3 Nf6 3. g3 g6 4. Bg2 Bg7 5. d3 d6 6. e4 O-O 7. Nge2 Nc6 8. O-O a6 9. h3 Rb8 10. Be3 Bd7 11. Rc1 Ne5 12. c5 Kh8 13. f4 Nf7 14. Qb3 Qe8 15. Nd5 Nxd5 16. exd5 e5 17. fxe5 dxe5 18. d4 Bb5 19. Rfe1 Bxe2 20. dxe5 Bb5 21. e6 Ne5 22. Rc3 Nc6 23. dxc6 Bxc6 24. Rd3 f4 25. Bxf4 Qe7 26. Qc2 Rf5 27. b4 Re8 28. Bxc6 bxc6 29. Qd2 g5 30. Rd7 Qf6 31. Bxc7 Rxe6 32. Rd8+ Bf8 33. g4 Rf3 34. Kg2 Qh6 35. Bg3 1-0

[Event "FRA"]
[Site "France"]
[Date "1993.??.??"]
[Round "?"]
[White "Belotti, Bruno"]
[Black "Vaisser, Anatoli V"]
[Result "0-1"]
[WhiteElo "2410"]
[BlackElo "2570"]
[PlyCount "74"]
[EventDate "1993.??.??"]
[Source "www.chesslib.no"]
[SourceDate "2004.05.04"]

1. c4 f5 2. Nc3 Nf6 3. d3 e5 4. g3 d6 5. Bg2 g6 6. e3 Bg7 7. Nge2 O-O 8. O-O Kh8 9. f4 c6 10. Rb1 a5 11. h3 Be6 12. b3 Na6 13. e4 fxe4 14. dxe4 Nh5 15. Be3 Nxg3 16. Nxg3 exf4 17. Bxf4 Rxf4 18. Rxf4 Bxc3 19. Ne2 Be5 20. Rf2 Qb6 21. Kf1 g5 22. Qd2 Rg8 23. Rd1 Nc5 24. Qe3 a4 25. Rxd6 axb3 26. axb3 Bxc4 27. Rf5 Bxe2+ 28. Kxe2 Qb5+ 29. Kf2 Re8 30. Rxe5 Rxe5 31. Qd4 Kg8 32. Rd8+ Kf7 33. Bf1 Nxe4+ 34. Kg2 Qc5 35. Bc4+ Kg6 36. Rg8+ Kh6 37. Qb2 Qe3 0-1

[Event "Eurocup M-L"]
[Site "Eurocup M-L"]
[Date "1991.??.??"]
[Round "?"]
[White "Bischoff, Klaus"]
[Black "Santo Roman, Marc"]
[Result "1/2-1/2"]
[WhiteElo "2495"]
[BlackElo "2485"]
[PlyCount "47"]
[EventDate "1991.??.??"]
[Source "www.chesslib.no"]
[SourceDate "2004.05.04"]

1. c4 f5 2. b3 e5 3. Bb2 d6 4. g3 Nf6 5. Bg2 g6 6. e3 Bg7 7. Ne2 O-O 8. d3 c6 9. Qd2 Be6 10. O-O Nbd7 11. Nbc3 Nb6 12. f4 Qd7 13. Rad1 Rad8 14. h3 Nh5 15. Qe1 exf4 16. gxf4 Qe7 17. a4 Bc8 18. Bc1 Nd7 19. Nd4 g5 20. Nde2 gxf4 21. Nxf4 Nc5 22. Bf3 Nf6 23. Qh4 Kh8 24. Kh1 1/2-1/2

[Event "Ankara zt"]
[Site "Ankara"]
[Date "1995.??.??"]
[Round "2"]
[White "Anastasian, Ashot"]
[Black "Tabatadze, Tamaz"]
[Result "0-1"]
[WhiteElo "2530"]
[BlackElo "2450"]
[PlyCount "126"]
[EventDate "1995.??.??"]
[Source "ChessBase"]

1. c4 f5 2. b4 Nc6 3. a3 a5 4. b5 Ne5 5. e3 Nf6 6. Bb2 Nf7 7. Bxf6 gxf6 8. Nc3 e6 9. g3 c6 10. Bg2 d5 11. Nge2 Bd7 12. O-O Rc8 13. d4 Bd6 14. c5 Be7 15. bxc6 bxc6 16. Rb1 O-O 17. Qa4 Qc7 18. Rb6 Ra8 19. Rfb1 Ra7 20. Qb3 Bc8 21. Nf4 Re8 22. Rb8 Bd8 23. Na4 Ba6 24. Bf1 Bxf1 25. Kxf1 e5 26. Nxd5 cxd5 27. Qxd5 Qe7 28. R1b7 Rxb7 29. Rxb7 Bc7 30. Nc3 Rb8 31. Ra7 Qd8 32. Qe6 Ra8 33. Rxa8 Qxa8 34. Nd5 Bd8 35. c6 Qa6+ 36. Kg2 Kg7 37. dxe5 fxe5 38. h4 Qc4 39. h5 Qe4+ 40. Kg1 Qb1+ 41. Kh2 Qc2 42. h6+ Nxh6 43. Qd7+ Nf7 44. Kg2 Qe4+ 45. Kg1 Qd3 46. Kg2 h5 47. Qe6 Qe4+ 48. Kg1 h4 49. c7 h3 50. Nf4 Bxc7 51. Qg6+ Kf8 52. Nxh3 Qg4 53. Qc6 Bd6 54. Kh2 Kg7 55. a4 f4 56. exf4 exf4 57. Nxf4 Bxf4 58. gxf4 Qxf4+ 59. Kg2 Qe5 60. f3 Nd6 61. Qd7+ Kf6 62. Kf2 Qc5+ 63. Kg2 Qe5 0-1

[Event "YUG-ch"]
[Site "?"]
[Date "1978.01.22"]
[Round "3"]
[White "Raicevic Vladimir"]
[Black "Kovacevic Vlatko"]
[Result "0-1"]
[WhiteElo "2470"]
[BlackElo "2505"]
[PlyCount "58"]
[EventDate "1978.??.??"]
[Source "www.chesslib.no"]
[SourceDate "2004.05.04"]

1. c4 f5 2. b3 d6 3. Bb2 e5 4. d4 Nd7 5. Qc2 Nh6 6. Nd2 c6 7. e4 Be7 8. exf5 exd4 9. Bxd4 O-O 10. Bd3 Bf6 11. Qc3 Ne5 12. O-O-O Nxd3+ 13. Qxd3 Bxf5 14. Qc3 Ng4 15. Nh3 Ne5 16. Nf3 Bxh3 17. Nxe5 dxe5 18. Bc5 Bd7 19. Bxf8 Kxf8 20. Rd6 Qe7 21. Rhd1 Be8 22. Qb4 a5 23. Qc5 Rd8 24. f3 e4 25. fxe4 b6 26. Qa3 Be5 27. c5 Bf4+ 28. R1d2 Bxd2+ 29. Kxd2 bxc5 0-1

[Event "Beijing Open"]
[Site "Beijing CHN"]
[Date "1991.??.??"]
[Round "4"]
[White "Namgilov, Sogto"]
[Black "Moskalenko, Viktor"]
[Result "1-0"]
[WhiteElo "2445"]
[BlackElo "2525"]
[PlyCount "83"]
[EventDate "1991.03.??"]
[Source "www.chesslib.no"]
[SourceDate "2004.05.04"]

1. c4 f5 2. g3 Nf6 3. Bg2 e6 4. b3 d5 5. Bb2 c6 6. Nf3 Bd6 7. O-O O-O 8. d3 Nbd7 9. Nbd2 Ng4 10. e4 dxe4 11. dxe4 f4 12. Bh3 h5 13. e5 Ndxe5 14. Nxe5 Bxe5 15. Bxe5 Nxe5 16. Qxh5 Nf7 17. Ne4 e5 18. Rad1 Qe7 19. Bxc8 Raxc8 20. Rd3 Rcd8 21. Rfd1 Rxd3 22. Rxd3 Rd8 23. Qd1 Rxd3 24. Qxd3 Qb4 25. Kg2 Qe1 26. g4 g5 27. Nd2 Qd1 28. Qg6+ Kf8 29. Nf3 Qe2 30. Qf5 Ke8 31. Qc8+ Ke7 32. Qxb7+ Kf8 33. Qc8+ Ke7 34. Qc7+ Kf8 35. Qd7 Qe4 36. Qxa7 Kg7 37. Qd7 c5 38. a4 Qa8 39. Qd5 Qxd5 40. cxd5 e4 41. Nd2 Nd6 42. Nc4 1-0

[Event "HUN Ch Super"]
[Site "Budapest HUN"]
[Date "1995.??.??"]
[Round "1"]
[White "Horvath, Csaba"]
[Black "Szabolcsi, Janos"]
[Result "1-0"]
[WhiteElo "2500"]
[BlackElo "2470"]
[PlyCount "55"]
[EventDate "1995.11.??"]
[Source "www.chesslib.no"]
[SourceDate "2004.05.04"]

1. c4 f5 2. g3 Nf6 3. Bg2 g6 4. Nc3 Bg7 5. e3 c6 6. Nge2 e5 7. O-O O-O 8. b3 d5 9. Ba3 Rf7 10. cxd5 cxd5 11. Rc1 Nc6 12. Na4 Bf8 13. Bb2 Qe8 14. Nc5 b6 15. Nd3 Bd6 16. Rxc6 Qxc6 17. Nxe5 Bxe5 18. Bxe5 Bb7 19. Qa1 Ne4 20. d3 Nc5 21. Nf4 Rd8 22. Rc1 g5 23. Nh5 Qg6 24. Nf6+ Kf8 25. Qd4 Re7 26. Nxd5 Bxd5 27. Bxd5 Nxd3 28. Bd6 1-0

[Event "Oslo NOR"]
[Site "?"]
[Date "2006.06.07"]
[Round "1"]
[White "Agdestein Simen"]
[Black "Nordahl Helge"]
[Result "1-0"]
[WhiteElo "2594"]
[BlackElo "2374"]
[PlyCount "101"]
[EventDate "2006.??.??"]
[Source "www.chesslib.no"]
[SourceDate "2004.05.04"]

1. c4 f5 2. b4 e6 3. Bb2 Nf6 4. a3 a5 5. b5 b6 6. Nf3 Bb7 7. g3 d6 8. Bg2 Be7 9. O-O O-O 10. d3 Qe8 11. e4 fxe4 12. Ng5 Bd8 13. Nd2 Nbd7 14. Ngxe4 Nxe4 15. Nxe4 Qg6 16. Re1 Rb8 17. d4 e5 18. Rc1 Be7 19. Rc2 Kh8 20. a4 exd4 21. Bxd4 Nf6 22. Nc3 Bxg2 23. Kxg2 Rbe8 24. Rce2 Qf7 25. Qd3 Bd8 26. Bxf6 Bxf6 27. Nd5 Re5 28. f4 Rxe2+ 29. Qxe2 h5 30. Qe6 Kh7 31. Qxf7 Rxf7 32. Re8 Rd7 33. Kf3 Kg6 34. Ke4 Kf7 35. Rc8 Bd8 36. f5 h4 37. Nf4 Bf6 38. Ng6 Be7 39. Nf4 d5+ 40. cxd5 Bd6 41. g4 h3 42. g5 Bxf4 43. Kxf4 Rxd5 44. g6+ Kf6 45. Rf8+ Ke7 46. Rf7+ Ke8 47. Rxg7 Rd4+ 48. Kg3 Rxa4 49. f6 Ra3+ 50. Kg4 Ra1 51. Rg8+ 1-0

[Event "Open, Ubeda ESP"]
[Site "?"]
[Date "2001.??.??"]
[Round "1"]
[White "El Ghazali, Y."]
[Black "Kobalija, M."]
[Result "0-1"]
[WhiteElo "2385"]
[BlackElo "2580"]
[PlyCount "68"]
[EventDate "2001.??.??"]
[Source "www.chesslib.no"]
[SourceDate "2004.05.04"]

1. c4 f5 2. Nc3 Nf6 3. e4 fxe4 4. d3 e5 5. dxe4 Bb4 6. Bd3 Bxc3+ 7. bxc3 d6 8. Ne2 Nbd7 9. O-O Nc5 10. f4 O-O 11. f5 b6 12. Ng3 Bb7 13. Bg5 Qe8 14. Qe2 Qf7 15. Rf3 Kh8 16. Bxf6 gxf6 17. Nf1 Rg8 18. Rh3 Rg5 19. Rh4 c6 20. Ne3 d5 21. cxd5 cxd5 22. exd5 Bxd5 23. Nxd5 Qxd5 24. Bc4 Qd7 25. Rd1 Qxf5 26. Qd2 Re8 27. Bf7 Rf8 28. Bd5 Qg6 29. c4 f5 30. Qe2 f4 31. Re1 e4 32. Qb2+ Qg7 33. Qxg7+ Rxg7 34. Kf1 Re7 0-1

[Event "FRA Ch"]
[Site "Toulouse FRA"]
[Date "1995.??.??"]
[Round "10"]
[White "Bricard, Emmanuel"]
[Black "Santo Roman, Marc"]
[Result "1/2-1/2"]
[WhiteElo "2500"]
[BlackElo "2465"]
[PlyCount "36"]
[EventDate "1995.08.??"]
[Source "www.chesslib.no"]
[SourceDate "2004.05.04"]

1. c4 f5 2. b3 e5 3. Bb2 Nc6 4. e3 Nf6 5. Nf3 d6 6. Nc3 g6 7. d4 e4 8. Nd2 Bg7 9. b4 O-O 10. b5 Ne7 11. Be2 d5 12. Ba3 Be6 13. cxd5 Nfxd5 14. Bc4 Re8 15. Qb3 c6 16. O-O Nc8 17. bxc6 bxc6 18. Qb2 Nd6 1/2-1/2

[Event "World Open"]
[Site "New York, NY USA"]
[Date "1976.??.??"]
[Round "?"]
[White "Lein, Anatoly Y"]
[Black "Spraggett, Kevin B"]
[Result "1-0"]
[WhiteElo "2515"]
[BlackElo "2450"]
[PlyCount "57"]
[EventDate "1976.??.??"]
[Source "www.chesslib.no"]
[SourceDate "2004.05.04"]

1. c4 f5 2. Nf3 Nf6 3. Nc3 g6 4. d3 d6 5. e4 e5 6. g3 Bg7 7. exf5 gxf5 8. d4 e4 9. Nh4 O-O 10. Bh3 d5 11. Bxf5 dxc4 12. Qe2 Nc6 13. Be3 Kh8 14. Qxc4 Ng4 15. Bxc8 Rxc8 16. Rd1 Nxe3 17. fxe3 Qg5 18. Ng2 Qg4 19. Qe2 Qd7 20. Nf4 Rce8 21. O-O Bh6 22. Ng2 a6 23. Qh5 Bg7 24. Rxf8+ Bxf8 25. Rf1 Bg7 26. Rf7 Re7 27. Rxe7 Qxe7 28. Nf4 Kg8 29. Qd5+ 1-0

[Event "Ibercaja Open"]
[Site "Zaragoza"]
[Date "1994.??.??"]
[Round "5"]
[White "Franco Ocampos, Zenon"]
[Black "Kolev, Atanas"]
[Result "1/2-1/2"]
[WhiteElo "2475"]
[BlackElo "2490"]
[PlyCount "35"]
[EventDate "1994.04.??"]
[Source "www.chesslib.no"]
[SourceDate "2004.05.04"]

1. c4 f5 2. Nc3 Nf6 3. g3 g6 4. Bg2 Bg7 5. d3 O-O 6. e4 fxe4 7. dxe4 e5 8. Nge2 d6 9. O-O Be6 10. b3 Qd7 11. Bg5 c5 12. Nb5 Ne8 13. Qd2 Nc6 14. Rad1 Nd4 15. Nbxd4 cxd4 16. Nc1 Nc7 17. Nd3 a6 18. Qa5 1/2-1/2

[Event "Bern"]
[Site "Bern"]
[Date "1991.??.??"]
[Round "4"]
[White "Miralles, Gilles"]
[Black "Barbero, Gerardo F"]
[Result "1/2-1/2"]
[WhiteElo "2470"]
[BlackElo "2495"]
[PlyCount "22"]
[EventDate "1991.02.??"]
[Source "ChessBase"]

1. c4 f5 2. g3 Nf6 3. Bg2 g6 4. Nc3 Bg7 5. d3 O-O 6. e4 d6 7. Nge2 e5 8. O-O fxe4 9. dxe4 Be6 10. Nd5 Nbd7 11. Nec3 c6 1/2-1/2

[Event "Metz Open"]
[Site "Metz FRA"]
[Date "1990.??.??"]
[Round "9"]
[White "Mednis, Edmar J"]
[Black "Moskalenko, Viktor"]
[Result "1/2-1/2"]
[WhiteElo "2440"]
[BlackElo "2525"]
[PlyCount "46"]
[EventDate "1990.??.??"]
[Source "www.chesslib.no"]
[SourceDate "2004.05.04"]

1. c4 f5 2. Nf3 Nf6 3. b3 e6 4. g3 c6 5. Bg2 d5 6. O-O a5 7. d4 Bd6 8. Ba3 Bxa3 9. Nxa3 O-O 10. Nc2 Nbd7 11. Nce1 Qe7 12. Nd3 b6 13. Rc1 Bb7 14. Qc2 Rac8 15. Qb2 Ne4 16. e3 c5 17. Nfe5 Nxe5 18. Nxe5 Rfd8 19. Rfd1 cxd4 20. exd4 Rc7 21. Rc2 Qd6 22. Qc1 Rdc8 23. Qe3 Rd8 1/2-1/2

[Event "FL56"]
[Site "FL56 Simferopol"]
[Date "1988.??.??"]
[Round "?"]
[White "Dzhandzhava, L."]
[Black "Malaniuk, Vladimir P"]
[Result "1/2-1/2"]
[WhiteElo "2450"]
[BlackElo "2515"]
[PlyCount "67"]
[EventDate "1988.??.??"]
[Source "www.chesslib.no"]
[SourceDate "2004.05.04"]

1. c4 f5 2. g3 Nf6 3. Bg2 g6 4. Nc3 Bg7 5. e3 d6 6. d4 O-O 7. Nge2 c6 8. b3 Be6 9. Bb2 Bf7 10. O-O Na6 11. Qd2 e5 12. d5 c5 13. e4 f4 14. gxf4 Bh6 15. Qd3 exf4 16. Nb5 Nh5 17. Bf3 Ng7 18. Kh1 Be8 19. a3 Nc7 20. Nxc7 Qxc7 21. e5 dxe5 22. d6 Qc8 23. Bxe5 Bc6 24. Rad1 Qe6 25. Bxg7 Bxg7 26. Rfe1 Rae8 27. Bxc6 bxc6 28. d7 Rd8 29. Nxf4 Qg4 30. Ne6 Rxd7 31. Qxd7 Qf3+ 32. Kg1 Qxf2+ 33. Kh1 Qf3+ 34. Kg1 1/2-1/2